000 00919nab a2200289 4500
003 BR-BrBNA
005 20240428195754.0
008 240428b bl.||||| |||| 00| 0 por d
040 _aBR-BrBNA
_bpor
072 _aH20 ; H01
_b4110
100 _aJoaquim, Décio
245 _aEncontro atraiu o interesse da comunidade citrícola
_bDia do Greening
500 _a5 illus.
650 _aCITRICULTURA
650 _aGREENING
650 _aDOENÇA BACTERIANA
650 _aDOENÇA DE PLANTA
650 _aINSETO
650 _aVETOR
650 _aPROFILAXIA
650 _aBIOTECNOLOGIA
650 _aCONTROLE QUÍMICO
650 _aERRADICAÇÃO
773 0 _04769
_9314647
_dBebedouro - SP Grupo Técnico de Assistência e Consultoria em Citrus 2001
_o2024-0899
_tCiência e Pratica (Brazil)
_gv. 11(40) p. 19-22; (Jan-Mar 2011)
_wBR2024000911
942 _cAnalítica
999 _c299354
_d299354